El consumo consciente y los derechos de la comunidad de la vida : (Registro nro. 173107)
[ vista simple ]
| 000 -LEADER | |
|---|---|
| fixed length control field | 01144nam a2200313 i 4500 |
| 001 - CONTROL NUMBER | |
| control field | bslw10091595 |
| 006 - FIXED-LENGTH DATA ELEMENTS--ADDITIONAL MATERIAL CHARACTERISTICS--GENERAL INFORMATION | |
| fixed length control field | m o d |
| 007 - PHYSICAL DESCRIPTION FIXED FIELD--GENERAL INFORMATION | |
| fixed length control field | cr un ---uuuua |
| 008 - FIXED-LENGTH DATA ELEMENTS--GENERAL INFORMATION | |
| fixed length control field | 230926s2023 sp ob 000 0 spa d |
| 020 ## - INTERNATIONAL STANDARD BOOK NUMBER | |
| International Standard Book Number | 9788411700047 |
| 035 ## - | |
| -- | 38809 |
| 040 ## - CATALOGING SOURCE | |
| Original cataloging agency | UtOrBLW |
| Language of cataloging | eng |
| Description conventions | rda |
| Transcribing agency | UtOrBLW |
| 050 #4 - | |
| -- | HC79.C6 |
| -- | C66 2023 |
| 082 04 - | |
| -- | 339.47 |
| -- | 23 |
| 245 03 - TITLE STATEMENT | |
| Title | El consumo consciente y los derechos de la comunidad de la vida : |
| Remainder of title | perspectivas desde la ética del cuidado / |
| Statement of responsibility, etc | David Eduardo Velázquez Muñoz, Hilda C. Vargas-Cancino, coordinadores. |
| 264 #1 - | |
| -- | Madrid : |
| -- | Dykinson, S.L., |
| -- | 2023. |
| 300 ## - PHYSICAL DESCRIPTION | |
| Extent | 83 pages |
| 336 ## - | |
| -- | text |
| -- | txt |
| -- | rdacontent |
| 337 ## - | |
| -- | computer |
| -- | c |
| -- | rdamedia |
| 338 ## - | |
| -- | online resource |
| -- | cr |
| -- | rdacarrier |
| 504 ## - BIBLIOGRAPHY, ETC. NOTE | |
| Bibliography, etc | Includes bibliographical references. |
| 650 #0 - SUBJECT ADDED ENTRY--TOPICAL TERM | |
| Topical term or geographic name as entry element | Consumption (Economics) |
| General subdivision | Enviornmental aspects. |
| 650 #0 - SUBJECT ADDED ENTRY--TOPICAL TERM | |
| Topical term or geographic name as entry element | Sustainable development |
| General subdivision | Moral and ethical aspects. |
| 700 1# - ADDED ENTRY--PERSONAL NAME | |
| Personal name | Velázquez Muñoz, David Eduardo, |
| Relator term | editor. |
| 700 1# - ADDED ENTRY--PERSONAL NAME | |
| Personal name | Vargas-Cancino, Hilda C., |
| Relator term | editor. |
| 856 40 - LOCALIZACIÓN Y ACCESO ELECTRÓNICO | |
| Identificador Uniforme del Recurso (URI/URL) | https://app.vlex.com/#/sources/38809 |
| 942 ## - | |
| -- | RAA |
| 999 ## - | |
| -- | 173107 |
| -- | 173107 |
No hay ítems disponibles.